Concelhos de Santarém - Statistics

Estatísticas Gerais
  • Esse quiz foi jogado 52 vezes
  • A pontuação média é 15 de 21
Estatísticas das Respostas
Resposta % Correto
Santarem
92%
Almeirim
88%
Tomar
88%
Abrantes
85%
Cartaxo
85%
Golega
85%
Ourem
85%
Torres Novas
85%
Entroncamento
81%
Constancia
77%
Rio Maior
77%
Alcanena
73%
Ferreira do Zezere
73%
Alpiarca
65%
Benavente
62%
Chamusca
62%
Macao
62%
Salvaterra de Magos
58%
Vila Nova da Barquinha
58%
Coruche
54%
Sardoal
54%
Nenhum quiz correspondente encontrado
Distribuição das Pontuações
Porcentagem de Pessoas com Cada Pontuação
Percentil de Números Respondidos
Sua Pontuação Histórica
Você não jogou esse quiz